[Event "10th Open"]
[Site "Dubai UAE"]
[Date "2008.04.12"]
[Round "7"]
[White "Kotanjian, T."]
[Black "Tissir, M."]
[Result "1-0"]
[WhiteElo "2570"]
[BlackElo "2428"]
[PlyCount "169"]
[EventDate "2008.04.07"]

1. d4 d5 2. c4 c6 3. Nf3 Nf6 4. Nc3 e6 5. Bg5 dxc4 6. e4 b5 7. e5 h6 8. Bh4 g5
9. Nxg5 hxg5 10. Bxg5 Nbd7 11. g3 Bb7 12. Bg2 Qb6 13. exf6 c5 14. d5 b4 15. O-O
O-O-O 16. Rb1 Qa6 17. dxe6 Bxg2 18. e7 Bxf1 19. Kxf1 Bxe7 20. fxe7 Rdg8 21. Ne4
Qc6 22. f3 f5 23. Nd6+ Kb8 24. Qe2 Nb6 25. Bf4 Ka8 26. Re1 Re8 27. Nxe8 Rxe8
28. Kg2 c3 29. bxc3 bxc3 30. h4 Nd5 31. Bg5 f4 32. gxf4 Rxe7 33. Qf2 Rxe1 34.
Qxe1 Qg6 35. f5 Qxf5 36. Qe4 Qf7 37. h5 c2 38. Kf2 c1=Q 39. Bxc1 Qxh5 40. Kg2
Qf7 41. Be3 c4 42. Kf2 c3 43. Bd4 Kb8 44. Be5+ Kc8 45. Qc4+ Kb7 46. Qb3+ Kc6
47. Bxc3 Qf4 48. Be1 Qd4+ 49. Kf1 Ne3+ 50. Ke2 Nd5 51. Qc2+ Kd7 52. Qf5+ Kc6
53. Qe6+ Kc7 54. Bg3+ Kb7 55. Qd7+ Ka6 56. Qc6+ Nb6 57. Qe6 Qb2+ 58. Kf1 Qc3
59. Kg2 Kb7 60. Qe4+ Ka6 61. Kh3 Qh8+ 62. Bh4 Qc8+ 63. Qg4 Qc3 64. Bf2 Qh8+ 65.
Kg3 Qe5+ 66. f4 Qc3+ 67. Kh4 Qh8+ 68. Qh5 Qf6+ 69. Qg5 Qh8+ 70. Kg4 Qc8+ 71. f5
Qc4+ 72. Qf4 Qg8+ 73. Kh4 Qh7+ 74. Kg3 Qg8+ 75. Kh3 Qxa2 76. Bxb6 axb6 77. f6
Qf7 78. Kh4 Qh7+ 79. Kg5 Qg8+ 80. Kf5 Qc8+ 81. Ke4 Qc2+ 82. Kf3 Qd1+ 83. Kg3
Qb3+ 84. Kh4 Qf7 85. Qe5 1-0

[Event "10th Open"]
[Site "Dubai UAE"]
[Date "2008.04.12"]
[Round "7"]
[White "Zhou Weiqi"]
[Black "Durarbeyli, V."]
[Result "1/2-1/2"]
[WhiteElo "2560"]
[BlackElo "2384"]
[PlyCount "153"]
[EventDate "2008.04.07"]

1. d4 Nf6 2. c4 e6 3. Nc3 Bb4 4. Qc2 d5 5. cxd5 exd5 6. Bg5 c5 7. Nf3 Nc6 8. a3
Bxc3+ 9. Qxc3 Ne4 10. Bxd8 Nxc3 11. bxc3 Kxd8 12. dxc5 Be6 13. Rb1 b6 14. Rb5
Kd7 15. e3 bxc5 16. Rxc5 Kd6 17. Rb5 a6 18. Rb1 Rhb8 19. Rd1 Ke7 20. Bd3 Rb3
21. Ra1 Rxc3 22. Kd2 Rb3 23. Rhc1 Rb2+ 24. Rc2 Rxc2+ 25. Kxc2 Na5 26. Rb1 Rc8+
27. Kd2 Nc4+ 28. Bxc4 Rxc4 29. Nd4 Ra4 30. Rb3 Bd7 31. Kc3 Rc4+ 32. Kb2 Rc7 33.
Rb6 a5 34. Ne2 Bc6 35. Nd4 Bd7 36. f3 h5 37. g3 h4 38. gxh4 Rc8 39. Ne2 Rc4 40.
Nd4 Rc8 41. Ne2 Rc4 42. h5 Rh4 43. Nf4 Rxh2+ 44. Kc3 Be6 45. Ra6 Rf2 46. Rxa5
Rxf3 47. Kd4 Rf1 48. Nxd5+ Bxd5 49. Rxd5 Ra1 50. Ra5 Kf6 51. Ke4 Ra2 52. Kd4
Rd2+ 53. Kc3 Re2 54. Kd3 Ra2 55. a4 Ra3+ 56. Kd4 Ra1 57. e4 Rd1+ 58. Ke3 Ra1
59. Rf5+ Ke6 60. a5 g6 61. hxg6 fxg6 62. Rb5 Kf6 63. Kd4 g5 64. Rb6+ Kf7 65.
Rb7+ Ke6 66. Rb6+ Kf7 67. a6 g4 68. Rb7+ Ke6 69. Rb6+ Kf7 70. Ke3 Ra3+ 71. Kf4
g3 72. Rb7+ Kf6 73. e5+ Ke6 74. Rb6+ Ke7 75. Rg6 g2 76. Rxg2 Rxa6 77. Rg5
1/2-1/2

[Event "10th Open"]
[Site "Dubai UAE"]
[Date "2008.04.12"]
[Round "7"]
[White "Ibrahimov, R."]
[Black "Sharma, Di"]
[Result "1/2-1/2"]
[WhiteElo "2535"]
[BlackElo "2357"]
[PlyCount "57"]
[EventDate "2008.04.07"]

1. Nf3 Nf6 2. c4 c6 3. d4 d5 4. Qc2 dxc4 5. Qxc4 Bf5 6. g3 e6 7. Bg2 Nbd7 8.
O-O Be7 9. Nc3 O-O 10. Re1 Ne4 11. Qb3 Qb6 12. Nh4 Bxh4 13. Qxb6 Nxb6 14. gxh4
Nf6 15. a4 a6 16. e4 Bg6 17. Bf4 Rfe8 18. Rad1 Rac8 19. b4 Nbd7 20. f3 h6 21.
a5 Bh5 22. Kf2 e5 23. dxe5 Nxe5 24. Na4 Ng6 25. Bg3 Rcd8 26. Nc5 Kh7 27. Rxd8
Rxd8 28. Ke3 Re8 29. Kd4 1/2-1/2

[Event "10th Open"]
[Site "Dubai UAE"]
[Date "2008.04.12"]
[Round "7"]
[White "Sachdev, T."]
[Black "Safarli, E."]
[Result "1/2-1/2"]
[WhiteElo "2423"]
[BlackElo "2524"]
[PlyCount "106"]
[EventDate "2008.04.07"]

1. d4 Nf6 2. c4 e6 3. Nf3 b6 4. g3 Ba6 5. b3 Bb7 6. Bg2 Bb4+ 7. Bd2 a5 8. O-O
O-O 9. Qc2 d6 10. Bc3 Nbd7 11. a3 Bxc3 12. Nxc3 Re8 13. e4 e5 14. d5 c6 15.
Rfe1 Rc8 16. Rad1 cxd5 17. exd5 Ba6 18. Bf1 a4 19. Nxa4 b5 20. Nb2 Nb6 21. Ng5
g6 22. Ne4 Nxe4 23. Rxe4 f5 24. Re3 bxc4 25. bxc4 Nd7 26. Rc3 e4 27. Bg2 Nc5
28. Na4 Nd3 29. c5 dxc5 30. Nxc5 Qa5 31. Na4 Qxd5 32. Nb6 Rxc3 33. Qxc3 Qd6 34.
Qb3+ Kg7 35. Nd5 Rc8 36. Nf4 Qe7 37. Bf1 Bc4 38. Qc3+ Ne5 39. Bxc4 Rxc4 40. Qb2
Qf6 41. Kg2 Kh6 42. Nd5 Qe6 43. Nf4 Qe7 44. Nd5 Qe8 45. h4 Rc6 46. Qd2+ Kg7 47.
Qb2 Kg8 48. Qb7 Kh8 49. Rb1 Rd6 50. Ne3 Rd7 51. Qb8 Qxb8 52. Rxb8+ Kg7 53. Rb5
Nf3 1/2-1/2

[Event "10th Open"]
[Site "Dubai UAE"]
[Date "2008.04.12"]
[Round "7"]
[White "Saeed, I."]
[Black "Ibrayev, N."]
[Result "0-1"]
[WhiteElo "2174"]
[BlackElo "2507"]
[PlyCount "116"]
[EventDate "2008.04.07"]

1. d4 Nf6 2. c4 e6 3. Nc3 Bb4 4. Qc2 c5 5. dxc5 Bxc5 6. Nf3 Qb6 7. e3 Qc7 8. b3
a6 9. Bb2 b6 10. O-O-O Bb7 11. Be2 Nc6 12. a3 Rc8 13. Kb1 Bf8 14. Rd2 Na5 15.
Rc1 Be7 16. Ka2 Qb8 17. Qd1 O-O 18. g4 d6 19. Nd4 b5 20. cxb5 axb5 21. Ndxb5 d5
22. g5 Nd7 23. Bd3 Rfd8 24. f4 Ba6 25. a4 Nc6 26. Kb1 Nc5 27. f5 Nxd3 28. Rxd3
Bxg5 29. fxe6 fxe6 30. Qg4 Bf6 31. Qxe6+ Kh8 32. Nxd5 Re8 33. Qf5 Bxb2 34. Kxb2
Qxh2+ 35. Kb1 Rf8 36. Qxf8+ Rxf8 37. Rxc6 Bb7 38. Rc1 h5 39. Rd4 Rf2 40. Nb4
Rb2+ 41. Ka1 Rxb3 42. Nd3 Qd2 43. Rc7 Rxd3 44. Rxd3 Qxd3 45. Rxb7 Qd1+ 46. Kb2
Qd2+ 47. Kb1 h4 48. Nd4 h3 49. Rb2 Qxb2+ 50. Kxb2 h2 51. Kb3 h1=Q 52. a5 g5 53.
Kb4 g4 54. a6 g3 55. Ne2 Qe1+ 56. Nc3 Qxe3 57. Nb5 g2 58. a7 Qe4+ 0-1

[Event "10th Open"]
[Site "Dubai UAE"]
[Date "2008.04.14"]
[Round "9"]
[White "Gagunashvili, M."]
[Black "Neverov, V."]
[Result "1/2-1/2"]
[WhiteElo "2553"]
[BlackElo "2568"]
[PlyCount "27"]
[EventDate "2008.04.07"]

1. d4 Nf6 2. c4 g6 3. Nf3 Bg7 4. g3 O-O 5. Bg2 c6 6. O-O d5 7. b3 Bf5 8. Bb2 a5
9. Nc3 Ne4 10. e3 Nxc3 11. Bxc3 Be4 12. Qe2 a4 13. Rfd1 e6 14. b4 1/2-1/2

[Event "10th Open"]
[Site "Dubai UAE"]
[Date "2008.04.14"]
[Round "9"]
[White "Ibrayev, N."]
[Black "Ghaem Maghami, E."]
[Result "0-1"]
[WhiteElo "2507"]
[BlackElo "2604"]
[PlyCount "78"]
[EventDate "2008.04.07"]

1. e4 e5 2. Nf3 d6 3. d4 exd4 4. Nxd4 Nf6 5. Nc3 Be7 6. Bf4 O-O 7. Qd2 Nc6 8.
O-O-O Nxd4 9. Qxd4 Be6 10. Kb1 a6 11. Be2 b5 12. g4 Nxg4 13. Bxg4 Bxg4 14. Rdg1
Bf6 15. Qe3 Be6 16. Bg5 Bxg5 17. Rxg5 f6 18. Rg3 Qe7 19. Rhg1 Rf7 20. Ne2 Re8
21. Nf4 Kh8 22. h4 Bc8 23. f3 Qe5 24. h5 f5 25. h6 gxh6 26. Qb3 Rff8 27. Nd3
Qf6 28. a3 Be6 29. Qb4 fxe4 30. fxe4 Rg8 31. Qe1 Rxg3 32. Rxg3 Rg8 33. Rxg8+
Kxg8 34. b3 h5 35. Nb4 h4 36. Nxa6 Qe7 37. Nb4 h3 38. Nd3 Qg5 39. e5 h2 0-1

[Event "10th Open"]
[Site "Dubai UAE"]
[Date "2008.04.14"]
[Round "9"]
[White "Arutinian, D."]
[Black "Gupta, Ab"]
[Result "1/2-1/2"]
[WhiteElo "2593"]
[BlackElo "2521"]
[PlyCount "29"]
[EventDate "2008.04.07"]

1. Nf3 Nf6 2. c4 c5 3. g3 d5 4. cxd5 Nxd5 5. Bg2 Nc6 6. Nc3 g6 7. O-O Bg7 8.
Nxd5 Qxd5 9. d3 O-O 10. Be3 Bd7 11. Nd4 Qd6 12. Nxc6 Bxc6 13. Bxc6 Qxc6 14. Rc1
Qe6 15. Rxc5 1/2-1/2

[Event "10th Open"]
[Site "Dubai UAE"]
[Date "2008.04.14"]
[Round "9"]
[White "Guliev, Sarh"]
[Black "Salem, AR."]
[Result "1-0"]
[WhiteElo "2487"]
[BlackElo "2429"]
[PlyCount "57"]
[EventDate "2008.04.07"]

1. d4 Nf6 2. c4 c5 3. e3 e6 4. Nf3 d5 5. Nc3 a6 6. a3 dxc4 7. Bxc4 b5 8. Ba2
Bb7 9. O-O Nbd7 10. Qe2 Bd6 11. Rd1 Qb8 12. dxc5 Nxc5 13. b4 Ncd7 14. h3 O-O
15. Bb2 Rc8 16. Nd4 Nb6 17. Nxe6 fxe6 18. Bxe6+ Kh8 19. Bxc8 Bxc8 20. a4 Be6
21. axb5 Bb3 22. Rdc1 Bc4 23. Qf3 axb5 24. Rxa8 Nxa8 25. Nxb5 Bxb5 26. Bxf6 Nc7
27. Bd4 Kg8 28. Qg4 Qf8 29. Bc5 1-0

[Event "10th Open"]
[Site "Dubai UAE"]
[Date "2008.04.14"]
[Round "9"]
[White "Guseinov, G."]
[Black "Safarli, E."]
[Result "1-0"]
[WhiteElo "2625"]
[BlackElo "2524"]
[PlyCount "101"]
[EventDate "2008.04.07"]

1. e4 d6 2. d4 Nf6 3. Nc3 g6 4. Be2 Bg7 5. Nf3 O-O 6. O-O c6 7. a4 Nbd7 8. Nd2
Re8 9. f4 e5 10. dxe5 dxe5 11. Nc4 exf4 12. Bxf4 Nxe4 13. Nxe4 Rxe4 14. Bd3 Rd4
15. c3 Rd5 16. Ne3 Rh5 17. Be2 Rc5 18. Bc4 Qe8 19. Re1 Qe4 20. Bd6 Bf8 21. Bd3
Qh4 22. Bxc5 Bxc5 23. b4 Bb6 24. a5 Bc7 25. g3 Qf6 26. Qd2 Ne5 27. Be4 Be6 28.
Qf2 Qg7 29. Rad1 Rf8 30. Bg2 b6 31. a6 h5 32. h3 Bb3 33. Rd2 b5 34. Kh1 h4 35.
Nf1 hxg3 36. Qxa7 f5 37. Rde2 f4 38. Rxe5 Bxe5 39. Qxg7+ Bxg7 40. Bxc6 Bxc3 41.
Rb1 Ba2 42. Rd1 Bc4 43. a7 Be2 44. Rc1 Be5 45. Nd2 Bd4 46. a8=Q Rxa8 47. Bxa8
Be3 48. Rc8+ Kg7 49. Bf3 Bd3 50. Ne4 Bf1 51. Rc7+ 1-0

[Event "10th Open"]
[Site "Dubai UAE"]
[Date "2008.04.14"]
[Round "9"]
[White "Somoff, A."]
[Black "Ibrahimov, R."]
[Result "0-1"]
[WhiteElo "2278"]
[BlackElo "2535"]
[PlyCount "69"]
[EventDate "2008.04.07"]

1. e4 c5 2. Nf3 d6 3. d4 cxd4 4. Nxd4 Nf6 5. Nc3 a6 6. Bg5 e6 7. f4 Bd7 8. Qd2
h6 9. Bh4 Nxe4 10. Bxd8 Nxd2 11. Bc7 Nxf1 12. Rxf1 Nc6 13. O-O-O Rc8 14. Bb6
Nxd4 15. Bxd4 f5 16. h3 h5 17. h4 Bc6 18. Rd2 Kf7 19. g3 Be7 20. Ne2 Bb5 21.
Re1 Bxe2 22. Rexe2 Rc6 23. Rd3 Bf6 24. Bf2 Rhc8 25. Be1 b5 26. Bb4 d5 27. a3
Rc4 28. Kd1 Bxb2 29. Rde3 R8c6 30. Rb3 Bc3 31. Kc1 Bd4 32. Kb1 Bf6 33. Be1 Re4
34. Rxe4 fxe4 35. Rc3 0-1

[Event "10th Open"]
[Site "Dubai UAE"]
[Date "2008.04.14"]
[Round "9"]
[White "Kuzubov, Y."]
[Black "El Taher, F."]
[Result "1-0"]
[WhiteElo "2603"]
[BlackElo "2486"]
[PlyCount "35"]
[EventDate "2008.04.07"]

1. d4 Nf6 2. c4 d6 3. Nf3 g6 4. Nc3 Bg7 5. e4 O-O 6. Be2 c5 7. O-O Nc6 8. d5
Na5 9. h3 e6 10. Bd3 Re8 11. Bg5 h6 12. Bh4 b6 13. Qc2 e5 14. Nd2 Qd7 15. Qd1
Nh5 16. Bc2 Nf4 17. Ba4 Nxh3+ 18. Kh2 1-0

[Event "10th Open"]
[Site "Dubai UAE"]
[Date "2008.04.14"]
[Round "9"]
[White "Frhat, A."]
[Black "Gelashvili, T."]
[Result "1/2-1/2"]
[WhiteElo "2393"]
[BlackElo "2622"]
[PlyCount "113"]
[EventDate "2008.04.07"]

1. d4 Nf6 2. Nf3 e6 3. c4 Bb4+ 4. Bd2 a5 5. Nc3 b6 6. g3 Bb7 7. Bg2 O-O 8. O-O
d6 9. Qc2 Nbd7 10. Rad1 Qe7 11. Rfe1 Bxc3 12. Bxc3 Be4 13. Qc1 d5 14. Bh3 dxc4
15. Nd2 b5 16. Nxe4 Nxe4 17. Bg2 f5 18. Bd2 Ndf6 19. Bf4 Rad8 20. f3 Nd6 21. e4
fxe4 22. fxe4 Nf7 23. e5 Nd5 24. Bd2 a4 25. a3 c5 26. dxc5 Qxc5+ 27. Kh1 Rfe8
28. Qc2 Ne7 29. Bb4 Rxd1 30. Rxd1 Qxe5 31. Re1 Qf6 32. Qe4 Rd8 33. Ba5 Rd5 34.
Bc3 e5 35. Bb4 Rd7 36. Qa8+ Nd8 37. Rf1 Qe6 38. Qf3 h6 39. Qf8+ Kh7 40. Be4+
Ng6 41. Qf5 Qxf5 42. Rxf5 Kg8 43. Rh5 Kf7 44. Bc3 Rd6 45. Bxg6+ Rxg6 46. Rxe5
Rg5 47. Rxg5 hxg5 48. Kg2 g4 49. Kf2 Ke6 50. Ke3 Kd5 51. Bxg7 Ne6 52. Bc3 Nc5
53. Kf4 Ne4 54. Be1 Kd4 55. Kxg4 c3 56. bxc3+ Nxc3 57. h4 1/2-1/2

[Event "10th Open"]
[Site "Dubai UAE"]
[Date "2008.04.14"]
[Round "9"]
[White "Adly, A."]
[Black "Sergeeva, M."]
[Result "1-0"]
[WhiteElo "2578"]
[BlackElo "2317"]
[PlyCount "37"]
[EventDate "2008.04.07"]

1. d4 d6 2. Nf3 g6 3. e4 Bg7 4. Bc4 Nf6 5. Nc3 O-O 6. Qe2 c6 7. Bg5 b5 8. Bd3
b4 9. Nd1 Qa5 10. O-O Bg4 11. Bd2 Nbd7 12. Ne3 c5 13. a3 Bxf3 14. Qxf3 cxd4 15.
axb4 Qc7 16. Nc4 Nb6 17. Nxb6 axb6 18. Rxa8 Rxa8 19. e5 1-0

[Event "10th Open"]
[Site "Dubai UAE"]
[Date "2008.04.14"]
[Round "9"]
[White "Kotanjian, T."]
[Black "Moosavian, S."]
[Result "1-0"]
[WhiteElo "2570"]
[BlackElo "2404"]
[PlyCount "107"]
[EventDate "2008.04.07"]

1. d4 e6 2. c4 f5 3. Nc3 Bb4 4. g3 Nf6 5. Bg2 O-O 6. Bd2 d6 7. Nf3 Nbd7 8. O-O
Qe7 9. Qb3 Bxc3 10. Bxc3 Ne4 11. Rac1 Ndf6 12. Nd2 b6 13. Nxe4 Nxe4 14. Qc2 Bb7
15. b3 e5 16. dxe5 dxe5 17. Bb2 Rae8 18. c5 Nxc5 19. Bxb7 Nxb7 20. Qxc7 Qxc7
21. Rxc7 Rf7 22. Rfc1 Nc5 23. Rc6 Rd7 24. b4 Na6 25. Rc8 Rxc8 26. Rxc8+ Kf7 27.
a3 e4 28. Be5 Ke6 29. Bf4 g6 30. h4 Rg7 31. f3 exf3 32. exf3 Kd7 33. Rc3 Kd8
34. Be5 Rb7 35. Kf2 Nb8 36. Ke3 Nd7 37. Kd4 Nf8 38. Kd5 Rf7 39. Rc6 Nd7 40.
Bc7+ Ke8 41. Re6+ Re7 42. Rxe7+ Kxe7 43. a4 Nf6+ 44. Kc6 Ke6 45. Bb8 Nd5 46. b5
Nb4+ 47. Kb7 Nd3 48. Bxa7 f4 49. gxf4 Nc5+ 50. Kxb6 Nxa4+ 51. Kc6 Kf5 52. Be3
Ke6 53. b6 Nxb6 54. Bxb6 1-0

[Event "10th Open"]
[Site "Dubai UAE"]
[Date "2008.04.14"]
[Round "9"]
[White "Kotsur, P."]
[Black "Durarbeyli, V."]
[Result "1/2-1/2"]
[WhiteElo "2568"]
[BlackElo "2384"]
[PlyCount "32"]
[EventDate "2008.04.07"]

1. e4 c5 2. Nf3 Nc6 3. d4 cxd4 4. Nxd4 Nf6 5. Nc3 d6 6. Bg5 e6 7. Qd2 Be7 8.
O-O-O O-O 9. f4 Nxd4 10. Qxd4 Qa5 11. Bc4 Bd7 12. e5 dxe5 13. Qxe5 Qb6 14. Qe2
Bc6 15. Rhe1 Rfe8 16. Rd3 h6 1/2-1/2

[Event "10th Open"]
[Site "Dubai UAE"]
[Date "2008.04.14"]
[Round "9"]
[White "Wu Xibin"]
[Black "Gleizerov, E."]
[Result "1-0"]
[WhiteElo "2351"]
[BlackElo "2556"]
[PlyCount "77"]
[EventDate "2008.04.07"]

1. e4 e6 2. d4 d5 3. exd5 exd5 4. Nf3 Nf6 5. Bd3 c5 6. O-O c4 7. Re1+ Be7 8.
Bf1 O-O 9. b3 cxb3 10. axb3 Nc6 11. Bf4 Ne4 12. h3 Bf5 13. c3 Bd6 14. Bxd6 Qxd6
15. Bd3 Rfe8 16. Ra2 Re7 17. Re3 Rae8 18. Rae2 Bg6 19. Nh4 f5 20. Nxg6 hxg6 21.
h4 f4 22. Rh3 g5 23. hxg5 Nxg5 24. Rh5 Rxe2 25. Bxe2 f3 26. Bd3 Qf6 27. Nd2 g6
28. Rh6 Ne4 29. Nxf3 Kg7 30. Qc1 Nxc3 31. Rh3 Ne4 32. Qh6+ Kg8 33. Qh7+ Kf8 34.
Qxb7 Re7 35. Qc8+ Re8 36. Qd7 Rd8 37. Qc7 g5 38. Bxe4 dxe4 39. Nxg5 1-0

[Event "10th Open"]
[Site "Dubai UAE"]
[Date "2008.04.14"]
[Round "9"]
[White "Ashwin, J."]
[Black "Sharma, Di"]
[Result "1-0"]
[WhiteElo "2446"]
[BlackElo "2357"]
[PlyCount "97"]
[EventDate "2008.04.07"]

1. d4 Nf6 2. c4 e6 3. Nf3 b6 4. g3 Ba6 5. b3 Bb4+ 6. Bd2 Be7 7. Nc3 c6 8. e4 d5
9. Qe2 O-O 10. e5 Ne8 11. Qe3 Nc7 12. c5 Bxf1 13. Kxf1 Nd7 14. Na4 f6 15. exf6
Bxf6 16. Rc1 bxc5 17. Nxc5 Nxc5 18. Rxc5 Qd7 19. Kg2 Nb5 20. Rhc1 Rac8 21. R5c2
Na3 22. Rc5 Nb5 23. Qd3 Nd6 24. Qa6 Ne4 25. Rxc6 Rxc6 26. Qxc6 Qxc6 27. Rxc6
Bxd4 28. Bb4 Rb8 29. Nxd4 Rxb4 30. Nxe6 Kf7 31. Nf4 Rd4 32. Kf3 Rd2 33. Rc7+
Ke8 34. Rxg7 Rxf2+ 35. Ke3 Rxa2 36. Nxd5 Nd6 37. Rxh7 Ra3 38. Kf4 Rxb3 39. Rxa7
Kf8 40. h4 Rb2 41. Ke5 Ne8 42. h5 Re2+ 43. Kf4 Rd2 44. Ne3 Nd6 45. h6 Rh2 46.
Ra8+ Kf7 47. Ng4 Rh5 48. h7 Kg7 49. Rg8+ 1-0